Минеральная зональность и петрографическая характеристика редкометалльной пегматитовой жилы "Юрьевской" Ташелгинского рудного района (Кемеровской области); Проблемы геологии и освоения недр

Dettagli Bibliografici
Parent link:Проблемы геологии и освоения недр.— 2008.— С. 155-157
Autore principale: Алина Е. М.
Altri autori: Краснощёкова Л. А. (научный руководитель)
Lingua:russo
Pubblicazione: 2008
Soggetti:
Natura: Capitolo di libro
KOHA link:https://koha.lib.tpu.ru/cgi-bin/koha/opac-detail.pl?biblionumber=178028

MARC

LEADER 00000naa2a2200000 4500
001 178028
005 20231031165758.0
035 |a (RuTPU)RU\TPU\book\193011 
090 |a 178028 
100 |a 20100401d2008 k y0rusy50 ca 
101 0 |a rus 
102 |a RU 
200 1 |a Минеральная зональность и петрографическая характеристика редкометалльной пегматитовой жилы "Юрьевской" Ташелгинского рудного района (Кемеровской области)  |f Е. М. Алина  |g науч. рук. Л. А. Краснощёкова 
320 |a Библиогр.: 3 назв. 
463 0 |0 (RuTPU)RU\TPU\book\164908  |y 5-89503-079-3  |t Проблемы геологии и освоения недр  |o труды XII Международного симпозиума имени академика М. А. Усова студентов и молодых ученых, посвященного 100-летию первого выпуска горных инженеров в Сибири и 90-летию создания Сибгеолкома в России  |f Томский политехнический университет (ТПУ), Институт геологии и нефтегазового дела (ИГНД)  |v С. 155-157  |d 2008  |p 944 с. 
610 1 |a редкометалльные пегматиты 
610 1 |a минеральная зональность 
610 1 |a петрография 
610 1 |a Юрьевская жила 
610 1 |a Ташелгинский рудный район 
610 1 |a Кемеровская область 
610 1 |a пегматиты 
610 1 |a редкие металлы 
610 1 |a труды учёных ТПУ 
700 1 |a Алина  |b Е. М. 
702 1 |a Краснощёкова  |b Л. А.  |4 727 
801 1 |a RU  |b 63413507  |c 20100401 
942 |c BK